| 000 | 00517nam a22001817a 4500 | ||
|---|---|---|---|
| 999 |
_c18335 _d18335 |
||
| 008 | 200722b xxu||||| |||| 00| 0 eng d | ||
| 020 | _a0273731917 | ||
| 040 |
_aKABU _cKABU |
||
| 050 |
_aHB172 _b.J44 2011 c. 1 |
||
| 100 | _aJehle, Geoffrey A. | ||
| 245 |
_aAdvanced microeconomic theory _cGeoffrey A. jehle, Philip J. Reny |
||
| 250 | _a3rd ed. | ||
| 260 |
_aHarlow, England _bPearson _c2011 |
||
| 300 | _axvi, 656 p. | ||
| 650 | _aMicroeconomics | ||
| 700 | _aReny, Philip J. | ||
| 942 |
_2lcc _cBK _hHB172 |
||